| 000 | 00476nam a2200205Ia 4500 | ||
|---|---|---|---|
| 003 | OSt | ||
| 005 | 20260417144413.0 | ||
| 008 | 210210b1900 xxu||||| |||| 00| 0 eng d | ||
| 040 | _cAL | ||
| 041 | _aeng | ||
| 082 | _a823.9 BESI | ||
| 100 |
_aWalter Besant _9262100 |
||
| 245 | _aIvory gate | ||
| 260 |
_aLondon _bCollins Clear Type Press _c1900 |
||
| 300 | _a430p | ||
| 650 |
_aNovel _9262101 |
||
| 690 |
_aEnglish Fiction _9262102 |
||
| 906 | _a040457 | ||
| 942 |
_2ddc _cBK |
||
| 999 |
_c90723 _d90723 |
||